Marketingová stratégia v individuálnom zdravotnom poistení

Autori sa zaoberajú stochastickými metódami, pomocou ktorých zostavili trojstavový model pre kritické ochorenia. Prostredníctvom Markovových reťazcov a matíc prechodov získali rozdelenie pravdepodobností prechodu. Tie ďalej aplikovali vo výpočte priemerných dôb zotrvania poistných zmlúv pre daný pro...

Descripción completa

Guardado en:
Detalles Bibliográficos
Autor principal: Škrovánková, Lea, 1954-
Otros Autores: Simonka, Zsolt, 1974-, Ralbovský, Andrej, 1991-
Formato: Capítulo de libro
Lenguaje:eslovaco
Materias:
Etiquetas: Agregar Etiqueta
Sin Etiquetas, Sea el primero en etiquetar este registro!

MARC

LEADER 00000nla a2200000 4500
001 0226183
005 20240502073720.9
041 0 |a slo 
044 |a SK 
245 1 0 |a Marketingová stratégia v individuálnom zdravotnom poistení  |c Lea Škrovánková, Zsolt Simonka, Andrej Ralbovský 
520 |a Autori sa zaoberajú stochastickými metódami, pomocou ktorých zostavili trojstavový model pre kritické ochorenia. Prostredníctvom Markovových reťazcov a matíc prechodov získali rozdelenie pravdepodobností prechodu. Tie ďalej aplikovali vo výpočte priemerných dôb zotrvania poistných zmlúv pre daný produkt v rôznych časových intervaloch bez uvažovania nastatia poistnej udalosti. Ďalej sledovali, s akou pravdepodobnosťou je možné očakávať, že poistná udalosť nastane vo vybraných časových intervaloch. Záver príspevku obsahuje modelový produkt individuálneho zdravotného poistenia pre konkrétny typ kritického ochorenia. 
610 2 0 |a starostlivosť o zdravie 
610 2 0 |a chorobnosť 
610 2 0 |a zmluvy poistné 
610 2 0 |a udalosti poistné 
610 2 0 |a pravdepodobnosť 
610 2 0 |a metódy 
100 1 |a Škrovánková, Lea, 1954- 
700 1 |a Simonka, Zsolt, 1974- 
700 1 |a Ralbovský, Andrej, 1991-